[Event "BL 1819 SV 1920 Hofheim - SF Deizisau"]
[Site "?"]
[Date "2019.02.02"]
[Round "7.2"]
[White "Perske, Thore"]
[Black "Meier, Georg"]
[Result "1/2-1/2"]
[WhiteElo "2441"]
[BlackElo "2623"]
[PlyCount "131"]
[EventDate "2019.??.??"]

1. e4 e6 2. d4 d5 3. Nd2 c5 4. Ngf3 cxd4 5. Nxd4 Nf6 6. exd5 Qxd5 7. Nb5 Na6 8.
Nc3 Qd6 9. a3 Bd7 10. Qf3 Bc6 11. Qg3 Nc5 12. Nb5 Qxg3 13. hxg3 Nd5 14. Nf3 Be7
15. Ne5 O-O 16. Nd4 Be8 17. b4 Nd7 18. Bd3 h6 19. Nxd7 Bxd7 20. c4 Bf6 21. Bb2
Nb6 22. Rb1 Rfd8 23. Nb3 Ba4 24. Be2 Bg5 25. Bc3 Rac8 26. f4 Be7 27. Na5 Bc2
28. Rc1 Be4 29. Kf2 Na4 30. Be5 b6 31. Nb3 a5 32. c5 f6 33. Bd6 Bxd6 34. cxd6
axb4 35. Rxc8 Rxc8 36. axb4 Bd5 37. Nd4 Nc3 38. Bf3 Rd8 39. Rc1 Ne4+ 40. Bxe4
Bxe4 41. Ke3 Bxg2 42. Nxe6 Rxd6 43. Rc8+ Kf7 44. f5 Rd7 45. Rf8+ Ke7 46. Rb8 g5
47. Rxb6 h5 48. Rb8 Kd6 49. Rh8 Rb7 50. Kf2 Bh3 51. Rxh5 Bxf5 52. Nd4 Be4 53.
Ke3 Kd5 54. Rh8 Re7 55. Nf3 Bf5+ 56. Kf2 Bd3 57. Rd8+ Kc4 58. Ne1 Bf5 59. Rd6
Rf7 60. Ng2 Be4 61. Ne3+ Kb5 62. Nd5 Bxd5 63. Rxd5+ Kxb4 64. g4 Kc4 65. Rd6 Kc5
66. Ra6 1/2-1/2

[Event "BL 1819 SV 1920 Hofheim - SF Deizisau"]
[Site "?"]
[Date "2019.02.02"]
[Round "7.3"]
[White "Keymer, Vincent"]
[Black "Ginsburg, Gennadi"]
[Result "1-0"]
[WhiteElo "2500"]
[BlackElo "2429"]
[PlyCount "71"]
[EventDate "2019.??.??"]

1. d4 d5 2. c4 e6 3. Nc3 Nf6 4. cxd5 exd5 5. Bg5 c6 6. Qc2 Na6 7. e3 Nc7 8. Nf3
Be7 9. Bd3 Ne6 10. Bh4 g6 11. O-O O-O 12. Rfe1 b6 13. Ne5 Bb7 14. f4 c5 15. f5
Ng7 16. Ba6 Bxa6 17. Nc6 Qd6 18. Nxe7+ Kh8 19. Bxf6 Qxf6 20. Ncxd5 Qg5 21. dxc5
bxc5 22. e4 gxf5 23. exf5 Rad8 24. Qxc5 Nxf5 25. Re5 Bc8 26. Nxc8 f6 27. Rxf5
Qxf5 28. Nce7 Qe5 29. Qf2 Rxd5 30. Nxd5 Qxd5 31. Qxa7 Ra8 32. Qf2 Rxa2 33.
Qxf6+ Kg8 34. Rf1 Ra8 35. h4 Re8 36. Rf5 1-0

[Event "BL 1819 SV 1920 Hofheim - SF Deizisau"]
[Site "?"]
[Date "2019.02.02"]
[Round "7.4"]
[White "Womacka, Mathias"]
[Black "Donchenko, Alexander"]
[Result "1/2-1/2"]
[WhiteElo "2444"]
[BlackElo "2604"]
[PlyCount "120"]
[EventDate "2019.??.??"]

1. e4 c5 2. Nf3 d6 3. d4 cxd4 4. Nxd4 Nf6 5. Nc3 a6 6. Be2 e6 7. O-O Be7 8. f4
O-O 9. Kh1 Qc7 10. Qe1 b5 11. Bf3 Bb7 12. e5 Ne8 13. f5 Bxf3 14. Nxf3 dxe5 15.
Nxe5 Nc6 16. Bf4 Bf6 17. Nd3 Qe7 18. fxe6 fxe6 19. Ne4 Rd8 20. Qe3 Rd5 21.
Nxf6+ Qxf6 22. Rf2 Qg6 23. Raf1 h6 24. h3 Kh7 25. Bg3 Rxf2 26. Rxf2 Nf6 27. Nf4
Rd1+ 28. Kh2 Qe4 29. Re2 Qxe3 30. Rxe3 e5 31. Nd3 e4 32. Nc5 Rd2 33. Nxe4 Nxe4
34. Rxe4 Rxc2 35. Be5 Kg6 36. Bc3 Kf5 37. Re8 g5 38. Rc8 Ne7 39. Rc5+ Ke6 40.
Re5+ Kd6 41. Re1 Nd5 42. Be5+ Kc5 43. a3 a5 44. Kg3 Nf4 45. Bxf4 gxf4+ 46. Kxf4
Rxb2 47. g4 Rf2+ 48. Kg3 Rd2 49. h4 Rd3+ 50. Kf4 Rxa3 51. Re5+ Kc4 52. Re4+ Kc5
53. Re5+ Kc4 54. Re4+ Kc3 55. Re3+ Kb2 56. g5 Ra4+ 57. Re4 hxg5+ 58. hxg5 Rc4
59. g6 Rc7 60. Re5 Rb7 1/2-1/2

[Event "BL 1819 SV 1920 Hofheim - SF Deizisau"]
[Site "?"]
[Date "2019.02.02"]
[Round "7.5"]
[White "Heimann, Andreas"]
[Black "Lobzhanidze, Davit"]
[Result "1-0"]
[WhiteElo "2605"]
[BlackElo "2425"]
[PlyCount "119"]
[EventDate "2019.??.??"]

1. e4 e5 2. Nf3 Nc6 3. Bb5 a6 4. Ba4 Nf6 5. O-O Be7 6. Re1 b5 7. Bb3 d6 8. c3
O-O 9. h3 Nd7 10. d4 Bf6 11. a3 Nb6 12. Be3 Na5 13. Ba2 Nac4 14. Bc1 Bb7 15. b3
Na5 16. Bd2 Nc6 17. d5 Nb8 18. c4 bxc4 19. bxc4 N8d7 20. Be3 Nc5 21. Nc3 Bc8
22. Rb1 Bd7 23. Bxc5 dxc5 24. d6 Be6 25. dxc7 Qxc7 26. Qe2 Nd7 27. Nd5 Qa5 28.
Qe3 Rab8 29. Nxf6+ gxf6 30. Kh2 Rxb1 31. Bxb1 Rb8 32. Rd1 Rb2 33. Nh4 Qd8 34.
Nf5 Bxf5 35. exf5 Qe7 36. Be4 Rb8 37. Qh6 Nb6 38. g4 Kh8 39. g5 Nxc4 40. Rg1
Rg8 41. Rg4 Qf8 42. Qxf6+ Qg7 43. Qxa6 Nd2 44. f6 Qf8 45. Qd3 Nxe4 46. Qxe4 Qd6
47. Kg2 Qe6 48. a4 c4 49. Qxc4 Qxc4 50. Rxc4 Rxg5+ 51. Kf1 h6 52. a5 Rg8 53. a6
Ra8 54. Ra4 Kh7 55. a7 Kg6 56. Ra6 Kf5 57. Ke2 Ke4 58. Ra5 Kf5 59. Ke3 Kxf6 60.
Ke4 1-0

[Event "BL 1819 SV 1920 Hofheim - SF Deizisau"]
[Site "?"]
[Date "2019.02.02"]
[Round "7.6"]
[White "Margolin, Boris"]
[Black "Kozul, Zdenko"]
[Result "1-0"]
[WhiteElo "2389"]
[BlackElo "2609"]
[PlyCount "83"]
[EventDate "2019.??.??"]

1. d4 Nf6 2. Nf3 g6 3. Bg5 Bg7 4. Nbd2 d5 5. e3 c6 6. Bd3 Qb6 7. Rb1 Nbd7 8.
O-O O-O 9. c4 h6 10. Bh4 g5 11. Bg3 Ne8 12. Qc2 g4 13. Nh4 e6 14. f3 Ndf6 15.
Be5 Qd8 16. c5 Nd7 17. Bxg7 Kxg7 18. g3 gxf3 19. e4 dxe4 20. Bxe4 Ndf6 21.
Ndxf3 Nxe4 22. Qxe4 Nf6 23. Qf4 Bd7 24. Rf2 Nh7 25. Rbf1 Be8 26. Qe5+ Kg8 27.
Qe3 Qf6 28. Ne5 Qg7 29. Ng2 Rd8 30. Nf4 Nf6 31. h3 Qg5 32. h4 Qg7 33. g4 Kh8
34. g5 Rg8 35. Rg2 Nd5 36. Nxd5 Rxd5 37. Rf6 Qf8 38. Rxh6+ Kg7 39. Rf2 Rh8 40.
Rff6 Qe7 41. Qf4 Qd8 42. Rxf7+ 1-0

[Event "BL 1819 SV 1920 Hofheim - SF Deizisau"]
[Site "?"]
[Date "2019.02.02"]
[Round "7.7"]
[White "Kollars, Dmitrij"]
[Black "Zude, Arno"]
[Result "1/2-1/2"]
[WhiteElo "2562"]
[BlackElo "2378"]
[PlyCount "92"]
[EventDate "2019.??.??"]

1. e4 e5 2. Nf3 Nc6 3. Bb5 a6 4. Ba4 d6 5. O-O Bd7 6. c3 Nf6 7. d4 g6 8. Re1 b5
9. Bc2 Bg7 10. h3 O-O 11. Nbd2 Re8 12. Nf1 h6 13. Ng3 a5 14. a4 b4 15. d5 Nb8
16. cxb4 axb4 17. Be3 Kh7 18. Bd3 c6 19. dxc6 Bxc6 20. Qb3 Qd7 21. Qxb4 Bxa4
22. Bc4 Nc6 23. Qd2 Na5 24. Bxf7 Qxf7 25. Rxa4 Nc4 26. Qb4 Rxa4 27. Qxa4 Nxb2
28. Qc6 Nc4 29. Bg5 Nd7 30. Rb1 Nc5 31. Nf1 Rf8 32. Be3 Qe6 33. Bxc5 Rc8 34.
Qa6 Rxc5 35. Rb5 Rc7 36. Rd5 Qc8 37. Qxc8 Rxc8 38. N3d2 Bf8 39. f3 h5 40. Kf2
Nb6 41. Rb5 Rc6 42. Ke2 Bh6 43. Nb3 Nc4 44. Nbd2 Nxd2 45. Nxd2 Bxd2 46. Kxd2
Kg7 1/2-1/2

[Event "BL 1819 SV 1920 Hofheim - SF Deizisau"]
[Site "?"]
[Date "2019.02.02"]
[Round "7.8"]
[White "Burkart, Patrick"]
[Black "Graf, Alexander"]
[Result "0-1"]
[WhiteElo "2314"]
[BlackElo "2570"]
[PlyCount "98"]
[EventDate "2019.??.??"]

1. d4 g6 2. e4 Bg7 3. Nc3 d6 4. Nge2 Nc6 5. Be3 Nf6 6. h3 e5 7. g3 d5 8. dxe5
Nxe5 9. Bg2 Nc4 10. Bd4 Nxb2 11. Qb1 Nc4 12. exd5 O-O 13. Qb3 Nd6 14. O-O Re8
15. Rfe1 Nf5 16. Bc5 b6 17. Ba3 Ba6 18. Qa4 Bc8 19. Rad1 Bd7 20. Qb3 Qc8 21.
Kh2 Nd6 22. Nf4 Rxe1 23. Rxe1 Rb8 24. Bb2 b5 25. Ne4 Nfxe4 26. Bxg7 Kxg7 27.
Bxe4 b4 28. Qb2+ Kg8 29. Bd3 c5 30. Re7 c4 31. Qf6 cxd3 32. cxd3 Rb6 33. Ne6
Bxe6 34. dxe6 Qf8 35. Rd7 fxe6 36. Qxe6+ Nf7 37. Qd5 Rd6 38. Rxd6 Qxd6 39. Qa8+
Kg7 40. Qxa7 Qxd3 41. Kg2 Kf6 42. Qb6+ Qd6 43. Qa7 h5 44. Qa8 Ng5 45. Qh8+ Kf7
46. Qa8 Qe6 47. Qb7+ Kf6 48. g4 Qe4+ 49. Qxe4 Nxe4 0-1

[Event "BL 1819 SV Werder Bremen - MSA Zugzwang"]
[Site "?"]
[Date "2019.02.02"]
[Round "7.1"]
[White "Mons, Leon"]
[Black "Fressinet, Laurent"]
[Result "1/2-1/2"]
[WhiteElo "2544"]
[BlackElo "2655"]
[PlyCount "55"]
[EventDate "2019.??.??"]

1. b3 g6 2. Bb2 Nf6 3. g3 Bg7 4. Bg2 O-O 5. Nf3 c5 6. c4 d6 7. O-O Nc6 8. d4
cxd4 9. Nxd4 Bd7 10. Nc3 Qa5 11. e4 Qh5 12. Qxh5 Nxh5 13. Nde2 a6 14. Rad1 Rfd8
15. h3 Rab8 16. f4 Be8 17. g4 Nf6 18. Bc1 Rdc8 19. Be3 Nd7 20. Nd5 Kf8 21. Nb6
Nxb6 22. Bxb6 a5 23. a4 Ra8 24. Rd2 Ra6 25. Be3 Raa8 26. Rc1 Nd8 27. Nc3 Ne6
28. Nd5 1/2-1/2

[Event "BL 1819 SV Werder Bremen - MSA Zugzwang"]
[Site "?"]
[Date "2019.02.02"]
[Round "7.2"]
[White "Efimenko, Zahar"]
[Black "Kindermann, Stefan"]
[Result "1-0"]
[WhiteElo "2635"]
[BlackElo "2494"]
[PlyCount "115"]
[EventDate "2019.??.??"]

1. e4 e6 2. d4 d5 3. e5 c5 4. c3 Nc6 5. Nf3 Bd7 6. Be2 cxd4 7. cxd4 Nge7 8. O-O
Nf5 9. Nc3 a6 10. Kh1 Be7 11. g4 Nh4 12. Nxh4 Bxh4 13. f4 Be7 14. Be3 Rc8 15.
Rc1 Na5 16. b3 Bb4 17. Nb1 Rxc1 18. Qxc1 h5 19. gxh5 Bb5 20. Bxb5+ axb5 21. f5
exf5 22. Rxf5 Nc6 23. Rg5 Bf8 24. Nc3 b4 25. Ne2 Qd7 26. Nf4 Nd8 27. Rg2 Qf5
28. Qc2 Qxc2 29. Rxc2 Nc6 30. Kg2 Be7 31. Nxd5 Rxh5 32. Nf4 Rf5 33. Ne2 Bh4 34.
Ng3 Bxg3 35. hxg3 Rh5 36. Rc5 Kd8 37. Bd2 Ke8 38. Rb5 Nxd4 39. Rxb4 Nc6 40.
Rxb7 Rxe5 41. Kf2 Rd5 42. Be3 Rh5 43. Kg2 Re5 44. Kf3 f5 45. Rxg7 Re4 46. Rc7
Nb4 47. Rc4 Rxc4 48. bxc4 Kd7 49. a4 Nc6 50. Kf4 Ke6 51. Bd2 Ne5 52. a5 Nxc4
53. a6 Nb6 54. a7 Nd5+ 55. Kg5 Nc7 56. Ba5 Na8 57. Kg6 Ke5 58. Kf7 1-0

[Event "BL 1819 SV Werder Bremen - MSA Zugzwang"]
[Site "?"]
[Date "2019.02.02"]
[Round "7.3"]
[White "Bromberger, Stefan"]
[Black "Edouard, Romain"]
[Result "0-1"]
[WhiteElo "2477"]
[BlackElo "2643"]
[PlyCount "62"]
[EventDate "2019.??.??"]

1. d4 Nf6 2. c4 e6 3. Nf3 c5 4. d5 d6 5. Nc3 exd5 6. cxd5 g6 7. h3 Bg7 8. e4 a6
9. a4 Nbd7 10. Bd3 Nh5 11. O-O Ne5 12. Be2 Nxf3+ 13. Bxf3 Qh4 14. Ra3 Be5 15.
Bxh5 Bxh3 16. Ne2 Bg4 17. g3 Qxh5 18. f3 Bd7 19. Rf2 g5 20. Rh2 Qg6 21. Qb3 b5
22. axb5 Bxb5 23. Qe3 Bxe2 24. Qxe2 O-O 25. Rxa6 Rxa6 26. Qxa6 f5 27. Qd3 Bxg3
28. Rg2 f4 29. b4 cxb4 30. Bb2 g4 31. Rc2 Bh4 0-1

[Event "BL 1819 SV Werder Bremen - MSA Zugzwang"]
[Site "?"]
[Date "2019.02.02"]
[Round "7.4"]
[White "Hracek, Zbynek"]
[Black "Raykhman, Alexander"]
[Result "1-0"]
[WhiteElo "2563"]
[BlackElo "2382"]
[PlyCount "115"]
[EventDate "2019.??.??"]

1. e4 c5 2. Nf3 d6 3. d4 cxd4 4. Qxd4 a6 5. Be2 Nc6 6. Qe3 Bg4 7. O-O g6 8. Rd1
Bg7 9. c4 Qa5 10. Nc3 Nf6 11. Bd2 O-O 12. Rac1 Rac8 13. b3 Qc5 14. h3 Bxf3 15.
Qxf3 Nd4 16. Qd3 Nxe2+ 17. Qxe2 Rfe8 18. a4 Qh5 19. Qxh5 Nxh5 20. Nd5 Nf6 21.
Nxf6+ Bxf6 22. Kf1 h5 23. Ke2 Kg7 24. Kd3 Rc7 25. Be3 g5 26. g3 Kg6 27. f4 gxf4
28. gxf4 Rg8 29. Rg1+ Kh7 30. Rxg8 Kxg8 31. c5 dxc5 32. Bxc5 e6 33. Rg1+ Kh7
34. b4 Rd7+ 35. Ke3 Rd8 36. e5 Bh4 37. Ke4 f5+ 38. exf6 Bxf6 39. f5 exf5+ 40.
Kxf5 Bh4 41. Ke4 Bf6 42. a5 Rd7 43. Rg3 Bh4 44. Rg2 Bf6 45. Kf5 Bh4 46. Re2
Rd5+ 47. Ke6 Rd3 48. Re3 Rd1 49. Re4 Bg3 50. Kf6 Rd7 51. Re7+ Rxe7 52. Kxe7 Kg6
53. Kd7 Kg5 54. Kc8 Kh4 55. Kxb7 Kxh3 56. Kxa6 Kg4 57. Kb5 h4 58. a6 1-0

[Event "BL 1819 SV Werder Bremen - MSA Zugzwang"]
[Site "?"]
[Date "2019.02.02"]
[Round "7.5"]
[White "Schramm, Christian"]
[Black "Nyback, Tomi"]
[Result "0-1"]
[WhiteElo "2367"]
[BlackElo "2569"]
[PlyCount "122"]
[EventDate "2019.??.??"]

1. e4 e5 2. Nf3 Nc6 3. Bb5 a6 4. Ba4 Nf6 5. O-O Be7 6. Re1 b5 7. Bb3 d6 8. c3
O-O 9. d3 Na5 10. Bc2 c5 11. Nbd2 Nc6 12. Nf1 Be6 13. Ng3 h6 14. h3 Re8 15. a4
b4 16. Bb3 Bxb3 17. Qxb3 bxc3 18. bxc3 Rb8 19. Qa2 Bf8 20. Bd2 Na5 21. Rab1 c4
22. dxc4 Rxb1 23. Rxb1 Qc7 24. Rb4 Rc8 25. Qb1 Nxc4 26. Be1 d5 27. Rb7 Qc6 28.
exd5 Nxd5 29. Rb8 Rxb8 30. Qxb8 Nf4 31. Nf5 Qe6 32. Ne3 Nxe3 33. fxe3 Nd3 34.
Bg3 f6 35. Nd2 Nc5 36. e4 Nxa4 37. Bf2 Kf7 38. Kh2 Nc5 39. Qa7+ Nd7 40. Qb7 Kg8
41. Nb3 f5 42. Qd5 Kf7 43. c4 Nf6 44. Qb7+ Kg6 45. exf5+ Qxf5 46. Qf3 Qxf3 47.
gxf3 Kf5 48. c5 Ke6 49. c6 Bd6 50. Bb6 Ne8 51. Kg3 Kd5 52. Na5 Bc7 53. Bxc7
Nxc7 54. Kg4 g6 55. h4 Kc5 56. h5 gxh5+ 57. Kxh5 Kb4 58. Nb7 a5 59. Nxa5 Kxa5
60. Kg6 h5 61. Kxh5 Kb6 0-1

[Event "BL 1819 SV Werder Bremen - MSA Zugzwang"]
[Site "?"]
[Date "2019.02.02"]
[Round "7.6"]
[White "Spoelman, Wouter"]
[Black "Gerigk, Erasmus"]
[Result "1-0"]
[WhiteElo "2578"]
[BlackElo "2344"]
[PlyCount "81"]
[EventDate "2019.??.??"]

1. c4 e6 2. Nf3 d5 3. e3 Nf6 4. b3 Be7 5. Bb2 O-O 6. Nc3 c5 7. cxd5 Nxd5 8. Qc2
Nc6 9. a3 b6 10. h4 Kh8 11. Rd1 Qc7 12. Nxd5 exd5 13. d4 f5 14. dxc5 Bxc5 15.
Rxd5 Be6 16. Rd2 a5 17. Ng5 Rae8 18. Bc4 Bxc4 19. Qxc4 Qe7 20. O-O Nb8 21. a4
Nd7 22. Rd5 h6 23. Nh3 Qf7 24. Nf4 Re4 25. Rxd7 Qxd7 26. Ng6+ Kh7 27. Qxc5 Rc8
28. Nf8+ Kg8 29. Nxd7 bxc5 30. Rc1 c4 31. Bd4 f4 32. bxc4 fxe3 33. fxe3 Kf7 34.
g3 Ke7 35. Nb6 Rc6 36. c5 Rg4 37. Kf2 g5 38. h5 Re4 39. Nc4 Rc8 40. Nxa5 Kd7
41. Nc4 1-0

[Event "BL 1819 SV Werder Bremen - MSA Zugzwang"]
[Site "?"]
[Date "2019.02.02"]
[Round "7.7"]
[White "Eichler, Christoph"]
[Black "Babula, Vlastimil"]
[Result "1/2-1/2"]
[WhiteElo "2304"]
[BlackElo "2546"]
[PlyCount "67"]
[EventDate "2019.??.??"]

1. Nf3 c5 2. e4 e6 3. b3 b6 4. Bd3 Nc6 5. O-O Nh6 6. Re1 Be7 7. Bf1 O-O 8. d3
d6 9. Bxh6 gxh6 10. Qd2 Bf6 11. Nc3 Bg7 12. Rad1 Bb7 13. Ne2 Rc8 14. d4 cxd4
15. Nexd4 Ne5 16. Nxe5 dxe5 17. Nb5 Qxd2 18. Rxd2 Rfd8 19. Rxd8+ Rxd8 20. Nxa7
Ra8 21. Nb5 Rxa2 22. Nd6 Bc6 23. Bd3 Ra8 24. Kf1 Rd8 25. Nc4 b5 26. Na5 Be8 27.
Nb7 Rb8 28. Nd6 Bd7 29. Ra1 Rb6 30. Ra8+ Bf8 31. Nc8 Rb7 32. Nd6 Rb6 33. Nc8
Rb7 34. Nd6 1/2-1/2

[Event "BL 1819 SV Werder Bremen - MSA Zugzwang"]
[Site "?"]
[Date "2019.02.02"]
[Round "7.8"]
[White "Zumsande, Martin"]
[Black "Lammers, Markus"]
[Result "1-0"]
[WhiteElo "2490"]
[BlackElo "2311"]
[PlyCount "189"]
[EventDate "2019.??.??"]

1. e4 c5 2. c3 d5 3. exd5 Qxd5 4. d4 Nf6 5. Nf3 e6 6. Bd3 Be7 7. O-O Nc6 8.
dxc5 Qxc5 9. Qe2 O-O 10. Nbd2 Rd8 11. Rd1 Bd7 12. Ne4 Nxe4 13. Qxe4 Qf5 14.
Qxf5 exf5 15. Bf4 h6 16. Ne5 Nxe5 17. Bxe5 Be6 18. Bc2 Bc5 19. a4 Rac8 20.
Rxd8+ Rxd8 21. Rd1 Re8 22. Bc7 g6 23. g3 Bc4 24. Rd8 Rxd8 25. Bxd8 Kf8 26. Bf6
a6 27. Bd4 Bd6 28. f4 Ke7 29. Kf2 Ke6 30. Ke3 Be7 31. Bd1 Bd5 32. a5 h5 33. h4
Bd8 34. b4 Be7 35. Be2 Bc6 36. Bd3 Bg2 37. b5 axb5 38. Bxb5 Bd8 39. Bb6 Bf6 40.
Kd2 Kd6 41. c4 Bc6 42. Kc2 Bg7 43. Kb3 Bf6 44. Kb4 Bb2 45. Be3 Bf6 46. Bf2 Kd7
47. a6 bxa6 48. Bxa6 Be7+ 49. Bc5 Bf6 50. Bb5 Bd8 51. Bd4 Be7+ 52. Ka5 Bd8+ 53.
Ka6 Be7 54. c5 Bd8 55. Bc4 Ke8 56. Be5 f6 57. Bd6 Kd7 58. Bf7 Bf3 59. Kb5 g5
60. Bc4 Bc6+ 61. Kb4 Bf3 62. Bb5+ Ke6 63. Bc4+ Kd7 64. Bd3 Ke6 65. Kb5 Bd1 66.
Bc4+ Kd7 67. Bd5 Be2+ 68. Kb4 Bd1 69. Bb7 Be2 70. Bg2 Ke6 71. Ka4 Kd7 72. Bd5
Bd1+ 73. Kb4 Be2 74. Bb7 Bd1 75. Bb8 Be7 76. Kc4 Ba4 77. Bf3 g4 78. Bd5 Bd8 79.
Kb4 Bc6 80. Bf7 Be7 81. Bxh5 Ke6 82. Kc4 Bf8 83. Bg6 Bd7 84. h5 Bc6 85. Bc7 Bd7
86. Ba5 Bh6 87. Be1 Bc6 88. Bf2 Bd7 89. Bh7 Be8 90. Bg8+ Kd7 91. Be1 Bxh5 92.
Kd5 Be8 93. c6+ Kc8 94. Be6+ Kb8 95. Ba5 1-0

[Event "BL 1819 SV Mülheim Nord 1931 - BCA Aug"]
[Site "?"]
[Date "2019.02.02"]
[Round "7.1"]
[White "Kulaots, Kaido"]
[Black "Landa, Konstantin"]
[Result "1/2-1/2"]
[WhiteElo "2555"]
[BlackElo "2616"]
[PlyCount "59"]
[EventDate "2019.??.??"]

1. e4 e6 2. d4 d5 3. Nc3 Bb4 4. e5 c5 5. a3 Ba5 6. b4 cxd4 7. Qg4 Kf8 8. Nb5
Bb6 9. Nf3 Nc6 10. Bb2 Nge7 11. Nbxd4 h5 12. Qf4 Ng6 13. Nxc6 Nxf4 14. Nxd8
Bxd8 15. g3 Ng6 16. Bd3 Bd7 17. a4 Ne7 18. b5 g6 19. O-O Kg7 20. Rfd1 Ba5 21.
c4 Rhc8 22. Bf1 Kg8 23. Ba3 Nf5 24. cxd5 exd5 25. Rxd5 Be6 26. Rd3 Bc4 27. Rd7
Be6 28. Rd3 Bc4 29. Rd7 Be6 30. Rd3 1/2-1/2

[Event "BL 1819 SV Mülheim Nord 1931 - BCA Aug"]
[Site "?"]
[Date "2019.02.02"]
[Round "7.2"]
[White "Tregubov, Pavel V"]
[Black "Prusikin, Michael"]
[Result "1/2-1/2"]
[WhiteElo "2592"]
[BlackElo "2517"]
[PlyCount "40"]
[EventDate "2019.??.??"]

1. d4 Nf6 2. c4 g6 3. g3 Bg7 4. Bg2 O-O 5. Nc3 d6 6. Nf3 c6 7. O-O Qb6 8. e4
Bg4 9. Rb1 Nfd7 10. Be3 c5 11. dxc5 dxc5 12. h3 Bxf3 13. Bxf3 Nc6 14. Bg2 Rad8
15. f4 Qa6 16. Qa4 Bd4 17. Bxd4 cxd4 18. Qxa6 bxa6 19. Na4 e5 20. c5 Rfe8
1/2-1/2

[Event "BL 1819 SV Mülheim Nord 1931 - BCA Aug"]
[Site "?"]
[Date "2019.02.02"]
[Round "7.3"]
[White "Arnaudov, G. Petar"]
[Black "Fridman, Daniel"]
[Result "0-1"]
[WhiteElo "2468"]
[BlackElo "2631"]
[PlyCount "52"]
[EventDate "2019.??.??"]

1. d4 d5 2. c4 e6 3. Nf3 Nf6 4. g3 dxc4 5. Bg2 c5 6. O-O Nc6 7. Ne5 Bd7 8. Nxc4
cxd4 9. Bf4 Be7 10. Nd6+ Kf8 11. Nxb7 Qb6 12. Nd6 Qc5 13. b4 Qxb4 14. a3 Qc5
15. Qb3 Qh5 16. Rc1 g5 17. Bxc6 Ng4 18. Bg2 gxf4 19. h3 fxg3 20. Qf3 gxf2+ 21.
Kh1 Bxd6 22. Qxa8+ Kg7 23. Qe4 Nf6 24. Qxd4 Be5 25. Qxf2 Bxa1 26. Nc3 Qe5 0-1

[Event "BL 1819 SV Mülheim Nord 1931 - BCA Aug"]
[Site "?"]
[Date "2019.02.02"]
[Round "7.4"]
[White "Beerdsen, Thomas"]
[Black "Rozentalis, Eduardas"]
[Result "1/2-1/2"]
[WhiteElo "2484"]
[BlackElo "2526"]
[PlyCount "123"]
[EventDate "2019.??.??"]

1. e4 e6 2. d4 d5 3. Bd3 dxe4 4. Bxe4 Nf6 5. Bf3 Nbd7 6. Ne2 e5 7. O-O Bd6 8.
Ng3 O-O 9. Nf5 Re8 10. Nxd6 cxd6 11. c3 e4 12. Be2 d5 13. Bf4 Nf8 14. h3 Ng6
15. Bh2 Nh4 16. Na3 a6 17. Nc2 h6 18. Ne3 Be6 19. Qb3 Qd7 20. Bg3 Nf5 21. Be5
Nh7 22. Rac1 Ng5 23. Bf4 Nh4 24. Bg3 Nf5 25. Nxf5 Bxf5 26. h4 Nh7 27. c4 dxc4
28. Bxc4 Nf6 29. Qe3 Be6 30. Rfe1 Bxc4 31. Rxc4 Nd5 32. Qb3 Rad8 33. Be5 Re6
34. Rc5 b6 35. Rc2 Rde8 36. Qh3 f6 37. Bg3 e3 38. fxe3 Nxe3 39. Rce2 Qd5 40.
Bf2 Nf5 41. Rxe6 Rxe6 42. Rxe6 Qxe6 43. Qd3 Ne7 44. Qxa6 Nd5 45. Qd3 h5 46. b3
Kf7 47. a4 g6 48. Bg3 Kg7 49. Bf2 Qg4 50. Kh2 Qe6 51. Qa6 Qf5 52. Qb7+ Kh6 53.
Qb8 Kg7 54. Qg3 Kf7 55. Qd6 Qe4 56. Qd7+ Kg8 57. Qc6 Kg7 58. Qb7+ Kh6 59. Qa8
Kg7 60. Qb7+ Kh6 61. Qc8 Kg7 62. Qd7+ 1/2-1/2

[Event "BL 1819 SV Mülheim Nord 1931 - BCA Aug"]
[Site "?"]
[Date "2019.02.02"]
[Round "7.5"]
[White "Nestorovic, Nikola"]
[Black "Vrolijk, Liam"]
[Result "1-0"]
[WhiteElo "2460"]
[BlackElo "2433"]
[PlyCount "85"]
[EventDate "2019.??.??"]

1. e4 e5 2. Nf3 Nc6 3. Bc4 Bc5 4. d3 Nf6 5. O-O d6 6. c3 a6 7. Bb3 Ba7 8. Nbd2
O-O 9. h3 h6 10. Re1 Re8 11. Nf1 Be6 12. Bc2 d5 13. exd5 Bxd5 14. Ng3 Qd7 15.
Be3 Bb6 16. a4 Rad8 17. b4 Bxe3 18. Rxe3 b5 19. Qe1 Qd6 20. Nd2 Nb8 21. Nf5 Qc6
22. Ne4 Nxe4 23. dxe4 Be6 24. axb5 axb5 25. Ra5 Qb6 26. Qe2 Bc4 27. Bd3 Rxd3
28. Rxd3 g6 29. Ne3 Bxd3 30. Qxd3 c6 31. Ng4 Kg7 32. Qd2 g5 33. Qa2 c5 34. Ra7
Qe6 35. Qxe6 Rxe6 36. bxc5 Na6 37. c6 Rxc6 38. Nxe5 Rc5 39. Nxf7 Nc7 40. Nd6
Kg6 41. Rb7 Rxc3 42. Rb6 Kh7 43. Nxb5 1-0

[Event "BL 1819 SV Mülheim Nord 1931 - BCA Aug"]
[Site "?"]
[Date "2019.02.02"]
[Round "7.6"]
[White "Hausrath, Daniel"]
[Black "Stankovic, Milos"]
[Result "1/2-1/2"]
[WhiteElo "2471"]
[BlackElo "2444"]
[PlyCount "57"]
[EventDate "2019.??.??"]

1. Nf3 Nf6 2. g3 g6 3. b3 Bg7 4. Bb2 O-O 5. Bg2 d6 6. d4 a5 7. c4 a4 8. bxa4
Nbd7 9. Nc3 Nb6 10. Nd2 Nfd7 11. e3 e5 12. O-O exd4 13. exd4 c5 14. a5 Rxa5 15.
Rb1 cxd4 16. Nb5 Nc5 17. Nb3 Rxa2 18. Bxd4 Bxd4 19. N3xd4 Ra4 20. Nb3 Rb4 21.
Na5 Rxb1 22. Qxb1 Nba4 23. Qb4 Qb6 24. Rd1 Rd8 25. h4 Bf5 26. Nxb7 Nxb7 27.
Qxa4 Nc5 28. Qa3 Be4 29. Qe3 1/2-1/2

[Event "BL 1819 SV Mülheim Nord 1931 - BCA Aug"]
[Site "?"]
[Date "2019.02.02"]
[Round "7.7"]
[White "Schmittdiel, Eckhard"]
[Black "Zelbel, Patrick"]
[Result "1/2-1/2"]
[WhiteElo "2435"]
[BlackElo "2434"]
[PlyCount "48"]
[EventDate "2019.??.??"]

1. e4 e5 2. Nf3 Nc6 3. Nc3 Nf6 4. Bb5 Bb4 5. O-O O-O 6. d3 d6 7. h3 Ne7 8. Bg5
c6 9. Bxf6 gxf6 10. Bc4 d5 11. Bb3 Bxc3 12. bxc3 a5 13. a4 Ng6 14. Re1 Qd6 15.
Kh2 f5 16. g3 Kg7 17. Qe2 fxe4 18. dxe4 dxe4 19. Qxe4 f5 20. Qc4 e4 21. Ng1 Qf6
22. Rad1 h5 23. Qd4 h4 24. Qxf6+ Kxf6 1/2-1/2

[Event "BL 1819 SV Mülheim Nord 1931 - BCA Aug"]
[Site "?"]
[Date "2019.02.02"]
[Round "7.8"]
[White "Dinstuhl, Volkmar"]
[Black "Kukov, Velislav"]
[Result "1/2-1/2"]
[WhiteElo "2385"]
[BlackElo "2354"]
[PlyCount "38"]
[EventDate "2019.??.??"]

1. Nf3 d5 2. e3 Nf6 3. c4 c6 4. Nc3 Bg4 5. cxd5 Bxf3 6. Qxf3 cxd5 7. d4 Nc6 8.
Bd2 e6 9. Bd3 Bd6 10. Rc1 O-O 11. O-O Rc8 12. Qe2 a6 13. Na4 Ne4 14. Nc5 Bxc5
15. dxc5 Ne5 16. Bb4 Nc6 17. Bd2 Ne5 18. Bb4 Nc6 19. Bd2 Ne5 1/2-1/2

[Event "BL 1819 Düsseldorfer SK - USV TU Dresd"]
[Site "?"]
[Date "2019.02.02"]
[Round "7.1"]
[White "Eljanov, Pavel"]
[Black "Demchenko, Anton"]
[Result "1/2-1/2"]
[WhiteElo "2680"]
[BlackElo "2679"]
[PlyCount "97"]
[EventDate "2019.??.??"]

1. d4 Nf6 2. c4 g6 3. Nc3 Bg7 4. e4 d6 5. Be2 O-O 6. Be3 e5 7. d5 Na6 8. h4 Nc5
9. Qc2 c6 10. h5 cxd5 11. cxd5 Qa5 12. h6 Bh8 13. f3 Bd7 14. Rb1 Na4 15. Qd2
Nxc3 16. bxc3 Qc7 17. c4 b6 18. g4 Bc8 19. Nh3 Nd7 20. Nf2 Nc5 21. Nd3 Bf6 22.
Nxc5 bxc5 23. O-O Bd7 24. Rb3 Rab8 25. Rfb1 Rb6 26. g5 Bd8 27. f4 f6 28. Rf1
Be7 29. gxf6 Bxf6 30. fxe5 Bxe5 31. Rxf8+ Kxf8 32. Bf4 Qd8 33. Bxe5 dxe5 34.
Qe3 Qe7 35. Qg3 Rxb3 36. axb3 a5 37. Kf2 Qf6+ 38. Ke1 Ke7 39. Kd1 a4 40. bxa4
Bxa4+ 41. Kd2 Kd6 42. Ke3 Bd7 43. Bf3 Bc8 44. Be2 Bd7 45. Bf3 Be8 46. Qg4 Kc7
47. Be2 Bd7 48. Qg3 Kd6 49. Bf3 1/2-1/2

[Event "BL 1819 Düsseldorfer SK - USV TU Dresd"]
[Site "?"]
[Date "2019.02.02"]
[Round "7.2"]
[White "Alekseev, Evgeny"]
[Black "Nisipeanu, Liviu-Dieter"]
[Result "1/2-1/2"]
[WhiteElo "2639"]
[BlackElo "2680"]
[PlyCount "44"]
[EventDate "2019.??.??"]

1. Nf3 d5 2. e3 Nf6 3. c4 e6 4. Nc3 c5 5. cxd5 exd5 6. d4 a6 7. b3 Nc6 8. Bb2
cxd4 9. Nxd4 Bd6 10. Be2 O-O 11. O-O Qc7 12. h3 Qe7 13. Nf3 Rd8 14. Bd3 Ne5 15.
Na4 Bd7 16. Nb6 Nxd3 17. Qxd3 Bb5 18. Qf5 Qe4 19. Qxe4 dxe4 20. Nxa8 Bxf1 21.
Kxf1 exf3 22. Nb6 Bc5 1/2-1/2